00511 2200193 4500001002100000005001500021008004100036020002400077035001900101041000700120082001000127090001600137100001700153245006700170260002400237300002300261500001000284650002300294INLIS00000000000339220241224112720241224||||||||| | ||| |||| || |  a978-602-7948-31-6-0 0010-1224003392 aid0 a910.2 a910.2 SED m0 aSedarmayanti00aMembangun Dan Mengembangkan Kebudayaan Dan Industri Pariwisata bRefika Aditmac2014 axiv,164hlm.;26 cm. aCet.1 0aSEJARAH & BIOGRAFI